Ohromné maličkosti ; Obrany /

Hlavní autor: Chesterton, G. K. 1874-1936
Další autoři: Čulík, Jan, 1925-1995
Jazyk: Čeština
Vydáno: Praha : Zvon, 1994
Vydání: Ve Zvonu vyd. 1.
Témata:
Externí odkaz: Digitalizovaný dokument
Fyzický popis: 117 s. ; 20 cm
Knihy
Uloženo v:
LEADER 01358nam a2200373 a 4500
001 000007891
003 CZ BrMZK
005 20140429092505.0
007 ta
008 940610s1994 xr f cze d
015 |a cnb000086664 
020 |a 80-7113-094-X  |q (brož.) :  |c Kč 55,00 
035 |a (OCoLC)39596342 
040 |a ABA001  |b cze 
041 1 |a cze  |h eng 
080 9 |a 820-4 
100 1 |a Chesterton, G. K.  |q (Gilbert Keith),  |d 1874-1936  |7 jn19990003827  |4 aut 
245 1 0 |a Ohromné maličkosti ;  |b Obrany /  |c G.K. Chesterton ; [z anglických originálů ... přeložil Jan Čulík] 
250 |a Ve Zvonu vyd. 1. 
260 |a Praha :  |b Zvon,  |c 1994 
300 |a 117 s. ;  |c 20 cm 
500 |a 5000 výt. 
655 7 |a skici  |7 fd133386  |2 czenas 
700 1 |a Čulík, Jan,  |d 1925-1995  |7 jo20000075585  |4 trl 
740 0 2 |a Obrany 
765 0 |t Tremendous trifles  |9 Česky 
765 0 |t Defendant  |9 Česky 
856 4 1 |u http://www.digitalniknihovna.cz/mzk/uuid/uuid:a7445f10-cf86-11e3-aec3-005056827e52  |y Digitalizovaný dokument  |x NDK 
910 |a BOA001  |b 2-0999.670  |b PK-0121.326 
920 |a 000028465 
990 |a BK 
995 |a 01 
996 6 |b 2610009444  |c 2-0999.670  |l MZK  |r Sklad / do 1 hodiny  |n 32  |p p.v.  |w 000007891  |u 000010  |a 1  |e BOA001  |j MZK50  |s P 
996 7 |b 3119993316  |c PK-0121.326  |l MZK  |r Sklad / do 1 hodiny  |n 31  |w 000007891  |u 000020  |a 1  |e BOA001  |j MZK50  |s A